<?xml version="1.0" encoding="UTF-8"?>
<marc:record xmlns:marc="http://www.loc.gov/MARC21/slim">
   <marc:leader>00000nam a2200000 a 4500</marc:leader>
   <marc:datafield ind1="1" ind2=" " tag="100">
      <marc:subfield code="a">Bücklein, Tobias</marc:subfield>
      <marc:subfield code="4">aut</marc:subfield>
      <marc:subfield code="e">Verfasser/-in</marc:subfield>
   </marc:datafield>
   <marc:datafield ind1="0" ind2="0" tag="245">
      <marc:subfield code="a">TikTok, Snapchat und Instagram</marc:subfield>
   </marc:datafield>
   <marc:datafield ind1="0" ind2="0" tag="245">
      <marc:subfield code="b">der Elternratgeber</marc:subfield>
   </marc:datafield>
   <marc:datafield ind1="0" ind2="0" tag="245">
      <marc:subfield code="c">Tobias Bücklein</marc:subfield>
   </marc:datafield>
   <marc:datafield ind1=" " ind2="1" tag="264">
      <marc:subfield code="a">Berlin</marc:subfield>
      <marc:subfield code="b">Stiftung Warentest</marc:subfield>
      <marc:subfield code="c">2021</marc:subfield>
   </marc:datafield>
   <marc:datafield ind1="1" ind2=" " tag="520">
      <marc:subfield code="a">Angaben aus der Verlagsmeldung

TikTok, Snapchat, Instagram und Co. - Der Elternratgeber : Sichere Begleitung von Kindern in Social Media / von @dieserdad

Instagram, TikTok, Snapchat … ─ Social Media gehört zum Alltag der Generation Z. Gerade Kinder können die Risiken, Gefahren und Auswirkungen der sozialen Netzwerke allerdings selten richtig einschätzen. @dieserdad, Vater von Oskar (@dieseroskar), einem der bekanntesten und erfolgreichsten YouTuber der jungen Generation, klärt Eltern darüber auf, was sie über Social Media wissen müssen und wie sie ihre Kinder sicher begleiten. Sämtliche Gefahrenpotentiale, wie Kontrollverlust der Privatsphäre, psychische Anhängigkeit von positiver Resonanz, Cybermobbing oder auch Urheberrechtsverletzungen und Kostenfallen der Werbeindustrie, werden aufgezeigt und anschließend erklärt, mit welchen technischen Möglichkeiten sie die Apps ihrer Kinder ganz konkret auf ihre Sicherheitsbedürfnisse einstellen können ─ z. B. durch Abschalten von Feedback- oder Kommentarfunktionen, Einschränkung des Zuschauerkreises, Private Modus von Accounts, Black Listen von Kommentaren, Ablehnen von Tracking etc. Bleiben Sie am Ball und unterstützen Sie Ihre Kinder aktiv beim Umgang mit Social Media!
</marc:subfield>
   </marc:datafield>
   <marc:datafield ind1=" " ind2=" " tag="020">
      <marc:subfield code="a">9783747104200</marc:subfield>
      <marc:subfield code="9">9783747104200</marc:subfield>
   </marc:datafield>
   <marc:datafield ind1=" " ind2=" " tag="020">
      <marc:subfield code="a">3747104207</marc:subfield>
      <marc:subfield code="9">3747104207</marc:subfield>
   </marc:datafield>
   <marc:datafield ind1=" " ind2=" " tag="041">
      <marc:subfield code="a">ger</marc:subfield>
   </marc:datafield>
   <marc:datafield ind1=" " ind2=" " tag="300">
      <marc:subfield code="a">191 Seiten</marc:subfield>
   </marc:datafield>
</marc:record>
